| 000 | 00000nam 2200000za 4500 |
| 001 | 9.644871 |
| 003 | CaOODSP |
| 005 | 20210615112519 |
| 007 | ta |
| 008 | 150407|1991||||xxc||||| f|0| 0 eng d |
| 020 | |a0-660-14185-X |
| 040 | |aCaOODSP|beng |
| 043 | |an-cn--- |
| 086 | 1 |aCi53-3/3-1991E |
| 110 | 1 |aCanada.|bMulticulturalism and Citizenship. |bCitizenship. |
| 245 | 10|aPlain language, clear and simple / |cPrepared by NGL Consultants Ltd. Issued by the National Literacy Secretariat. |
| 260 | |aOttawa - Ontario : |bMulticulturalism and Citizenship. |c1991. |
| 300 | |a55p. : |breferences ; |c23 cm. |
| 500 | |aContents: Plain language and the public servant.--Before you start writing.--Make your writing effective.--Clear and simple: paragraphs and sentences.--Think about your choice of words.--Appearances are very important.--Check with the experts, your readers.--A check list.--For more information. |
| 520 | 3 |aThis handbook offers advice on plain-language writing. Intended for government authors, it is a useful resource for others interested in producing writing that is more accessible, more exact, and clearer to experts and nonexperts alike. It includes chapters on planning and preparing a piece of writing, organizing it, the style of sentences and paragraphs, choice of words, and formatting. A helpful list of points to remember follows each chapter. |
| 563 | |aSpiral binding |
| 590 | |a91-39|b1991-09-27 |
| 690 | 07|aWriting|2gcpds |
| 690 | 07|aPlain language|2gcpds |
| 775 | 08|tPour un style clair et simple / |w(CaOODSP)9.678667 |
| 776 | 0#|tPlain language, clear and simple |w(CaOODSP)9.838244 |